Loading...
| Science - Biology | 0 | 8 | 0 | 1 | 80 | 34 | 60.13 | 2 | 6 | 0.00 | 0.00 |
| Philosophy | 0 | 8 | 0 | 2 | 80 | 34 | 61.50 | 3 | 6 | 0.00 | 0.00 |
| Science - Physics | 0 | 6 | 1 | 1 | 55 | 39 | 70.17 | 3 | 5 | 0.00 | 0.00 |
| Social Science | 0 | 5 | 1 | 1 | 45 | 49 | 84.40 | 1 | 4 | 0.00 | 0.00 |
| Science - Chemistry | 0 | 5 | 3 | 0 | 35 | 32 | 58.20 | 2 | 5 | 0.00 | 0.00 |
| Literature - European | 0 | 3 | 0 | 0 | 30 | 24 | 42.67 | 2 | 3 | 0.00 | 0.00 |
| Fine Arts - Classical Music | 0 | 4 | 2 | 2 | 30 | 90 | 108.00 | 0 | 2 | 0.00 | 0.00 |
| Literature - American | 0 | 3 | 0 | 0 | 30 | 17 | 68.00 | 2 | 3 | 0.00 | 0.00 |
| Literature - British | 0 | 3 | 0 | 1 | 30 | 76 | 90.67 | 0 | 1 | 0.00 | 0.00 |
| Science - Other | 0 | 3 | 0 | 0 | 30 | 24 | 59.33 | 0 | 3 | 0.00 | 0.00 |
| Literature - World | 0 | 3 | 1 | 0 | 25 | 46 | 69.33 | 1 | 3 | 0.00 | 0.00 |
| History - Other | 0 | 2 | 0 | 0 | 20 | 57 | 70.00 | 1 | 1 | 0.00 | 0.00 |
| History - World | 0 | 2 | 0 | 1 | 20 | 15 | 58.50 | 1 | 1 | 0.00 | 0.00 |
| Religion | 0 | 2 | 1 | 1 | 15 | 65 | 81.00 | 0 | 2 | 0.00 | 0.00 |
| Fine Arts - Other | 0 | 2 | 1 | 0 | 15 | 67 | 67.50 | 1 | 2 | 0.00 | 0.00 |
| Current Events | 0 | 1 | 0 | 0 | 10 | 70 | 70.00 | 1 | 1 | 0.00 | 0.00 |
| Mythology | 0 | 1 | 0 | 0 | 10 | 72 | 72.00 | 1 | 1 | 0.00 | 0.00 |
| Popular Culture | 0 | 1 | 0 | 0 | 10 | 35 | 35.00 | 0 | 1 | 0.00 | 0.00 |
| History - European | 0 | 1 | 0 | 1 | 10 | 105 | 105.00 | 0 | 1 | 0.00 | 0.00 |
| Geography | 0 | 1 | 0 | 0 | 10 | 73 | 73.00 | 0 | 1 | 0.00 | 0.00 |
| Fine Arts - Painting and Sculpture | 0 | 0 | 1 | 0 | -5 | 0.00 | 0 | 0 | 0.00 | 0.00 |